Sports Quiz

Random Sports or Soccer Quiz

FIFA Ballon d'Or Winners Quiz Stats

 Plays Quiz Updated Dec 3, 2018

Support Sporcle.
Go Orange.
Score 0/64 Timer 08:00
20 Plays Today
Year Player % Correct
2011Lionel Messi
98.5%
2008Cristiano Ronaldo
98.5%
2012Lionel Messi
98.5%
2013Cristiano Ronaldo
98.5%
2014Cristiano Ronaldo
98.5%
2015Lionel Messi
98.5%
2016Cristiano Ronaldo
98.5%
2017Cristiano Ronaldo
98.5%
2019Lionel Messi
98.4%
1997Ronaldo
98.2%
2002Ronaldo
98.2%
2018Luka Modric
91.7%
2007Kaká
84.4%
2005Ronaldinho
84.3%
1998Zinedine Zidane
81.9%
2009Lionel Messi
79.5%
2010Lionel Messi
72.7%
2001Michael Owen
69.6%
2000Luis Figo
65%
2006Fabio Cannavaro
63.1%
1971Johan Cruyff
59.4%
1973Johan Cruyff
59.4%
1974Johan Cruyff
59.4%
2004Andrei Shevchenko
59.1%
1999Rivaldo
58.5%
2003Pavel Nedvěd
57.7%
1988Marco Van Basten
55.8%
1989Marco Van Basten
55.8%
1992Marco Van Basten
55.8%
1968George Best
55.2%
1957Alfredo di Stéfano
54.4%
1959Alfredo di Stéfano
54.4%
Year Player % Correct
1983Michel Platini
54.1%
1984Michel Platini
54.1%
1985Michel Platini
54.1%
1972Franz Beckenbauer
51.5%
1976Franz Beckenbauer
51.5%
1966Bobby Charlton
50.7%
1970Gerd Müller
47.3%
1987Ruud Gullit
45.6%
1965Eusébio
44.8%
1995George Weah
38.4%
1956Stanley Matthews
38.1%
1993Roberto Baggio
37.4%
1978Kevin Keegan
35.1%
1979Kevin Keegan
35.1%
1963Lev Yashin
33.7%
1994Hristo Stoichkov
33.3%
1990Lothar Matthäus
31.7%
1991Jean-Pierre Papin
31.2%
1996Matthias Sammer
29.4%
1964Denis Law
29.3%
1982Paolo Rossi
27.1%
1980Karl-Heinz Rummenigge
26%
1981Karl-Heinz Rummenigge
25.9%
1960Luis Suárez
23.2%
1958Raymond Kopa
17.5%
1975Oleg Blokhin
13.1%
1969Gianni Rivera
12.8%
1977Allan Simonsen
11.3%
1967Flórián Albert
11%
1986Igor Belanov
10.6%
1961Omar Sívori
9.6%
1962Josef Masopust
9.3%

From the Vault

Animals by Phylum

by sbme

Science 6m
Ready, set, file 'em!
Remove Ads.
Support Sporcle.
Get the best of Sporcle when you Go Orange. This ad-free experience offers more features, more stats, and more fun while also helping to support Sporcle. Thank you for becoming a member.

Show Comments

Extras

Top Quizzes Today


Score Distribution

Your Account Isn't Verified!

In order to create a playlist on Sporcle, you need to verify the email address you used during registration. Go to your Sporcle Settings to finish the process.

Report this User

Report this user for behavior that violates our Community Guidelines.

Details: